हास्यकळा (Record no. 112394)

MARC details
000 -LEADER
fixed length control field 00524nam a2200169Ia 4500
008 - FIXED-LENGTH DATA ELEMENTS--GENERAL INFORMATION
fixed length control field 090124s9999 xx 000 0 und d
082 ## - DEWEY DECIMAL CLASSIFICATION NUMBER
Item number 46172
100 ## - MAIN ENTRY--PERSONAL NAME
Personal name औरंगाबादकर अनुराधा
245 ## - TITLE STATEMENT
Title हास्यकळा
250 ## - EDITION STATEMENT
Edition statement 0
300 ## - PHYSICAL DESCRIPTION
Extent 152
600 ## - SUBJECT ADDED ENTRY--PERSONAL NAME
Personal name औरंगाबादकर अनुराधा
630 ## - SUBJECT ADDED ENTRY--UNIFORM TITLE
Uniform title हास्यकळा
700 ## - ADDED ENTRY--PERSONAL NAME
Personal name औरंगाबादकर अनुराधा
730 ## - ADDED ENTRY--UNIFORM TITLE
Uniform title हास्यकळा
942 ## - ADDED ENTRY ELEMENTS (KOHA)
Koha item type Book
Holdings
Withdrawn status Lost status Damaged status Not for loan Home library Current library Date acquired Cost, normal purchase price Total Checkouts Full call number Barcode Date last seen Cost, replacement price Price effective from Koha item type
        Nagar Wachan Mandir, Thane Nagar Wachan Mandir, Thane   150.00   46172 THNNWM-46172 01/24/2009 150.00 01/24/2009 Book